<?xml version="1.0" encoding="UTF-8"?>
<record
    xmlns:xsi="http://www.w3.org/2001/XMLSchema-instance"
    xsi:schemaLocation="http://www.loc.gov/MARC21/slim http://www.loc.gov/standards/marcxml/schema/MARC21slim.xsd"
    xmlns="http://www.loc.gov/MARC21/slim">

  <leader>01012nam a2200229 a 4500</leader>
  <controlfield tag="001">61568</controlfield>
  <controlfield tag="003">BD-RjUL</controlfield>
  <controlfield tag="005">20211209080958.0</controlfield>
  <controlfield tag="008">170119s1952    bg ||||| |||| 00| 0 ben d</controlfield>
  <datafield tag="035" ind1=" " ind2=" ">
    <subfield code="a">(BD-RjUL)61692</subfield>
  </datafield>
  <datafield tag="040" ind1=" " ind2=" ">
    <subfield code="a">BD-RjUL</subfield>
    <subfield code="b">ben</subfield>
    <subfield code="c">BD-RjUL</subfield>
  </datafield>
  <datafield tag="041" ind1=" " ind2=" ">
    <subfield code="a">ben</subfield>
  </datafield>
  <datafield tag="082" ind1=" " ind2=" ">
    <subfield code="2">23</subfield>
    <subfield code="a">371.103</subfield>
    <subfield code="b">GRS 1952</subfield>
  </datafield>
  <datafield tag="100" ind1=" " ind2=" ">
    <subfield code="a">&#x997;&#x9CD;&#x9B0;&#x9BE;&#x9A3;&#x9CD;&#x99F;, &#x987;&#x9AD;&#x9BE;, &#x98F;&#x987;&#x99A;</subfield>
    <subfield code="9">183449</subfield>
  </datafield>
  <datafield tag="245" ind1="1" ind2="0">
    <subfield code="a">&#x9B8;&#x9B9;&#x9AF;&#x9CB;&#x997;&#x9C0; &#x9B9;&#x9BF;&#x9B8;&#x9BE;&#x9AC;&#x9C7; &#x9B6;&#x9BF;&#x995;&#x9CD;&#x9B7;&#x995; &#x993; &#x985;&#x9AD;&#x9BF;&#x9AD;&#x9BE;&#x9AC;&#x995; /</subfield>
    <subfield code="c">&#x987;&#x9AD;&#x9BE;, &#x98F;&#x987;&#x99A; &#x997;&#x9CD;&#x9B0;&#x9BE;&#x9A3;&#x9CD;&#x99F; ; &#x985;&#x9A8;&#x9C1;&#x9AC;&#x9BE;&#x9A6; : &#x986;&#x9AC;&#x9A6;&#x9C1;&#x9B0; &#x9B0;&#x9BE;&#x99C;&#x9CD;&#x99C;&#x9BE;&#x995;</subfield>
  </datafield>
  <datafield tag="260" ind1=" " ind2=" ">
    <subfield code="a">&#x9A2;&#x9BE;&#x995;&#x9BE; :</subfield>
    <subfield code="b">&#x9B7;&#x9CD;&#x99F;&#x9CD;&#x9AF;&#x9BE;&#x9A3;&#x9CD;&#x9A1;&#x9BE;&#x9B0;&#x9CD;&#x9A1; &#x9AA;&#x9BE;&#x9AC;&#x9B2;&#x9BF;&#x995;&#x9C7;&#x9B6;&#x9BE;&#x9A8;&#x9CD;&#x9B8;,</subfield>
    <subfield code="c">&#x9E7;&#x9EF;&#x9EB;&#x9E8;</subfield>
  </datafield>
  <datafield tag="300" ind1=" " ind2=" ">
    <subfield code="a">[&#x9E7;&#x9E8;], &#x9E7;&#x9E6;&#x9E6; &#x9AA;&#x9C3;. :</subfield>
    <subfield code="b">&#x99A;&#x9BF;&#x9A4;&#x9CD;&#x9B0; ;</subfield>
    <subfield code="c">&#x9E7;&#x9EE; &#x9B8;&#x9C7;&#x9AE;&#x9BF;.</subfield>
  </datafield>
  <datafield tag="650" ind1=" " ind2=" ">
    <subfield code="a">&#x9AA;&#x9BF;&#x9A4;&#x9BE;-&#x9AE;&#x9BE;&#x9A4;&#x9BE; &#x98F;&#x9AC;&#x982; &#x9B6;&#x9BF;&#x9B6;&#x9C1;</subfield>
    <subfield code="9">183452</subfield>
  </datafield>
  <datafield tag="650" ind1=" " ind2=" ">
    <subfield code="a">Parent and child</subfield>
    <subfield code="9">171040</subfield>
  </datafield>
  <datafield tag="700" ind1=" " ind2=" ">
    <subfield code="a">&#x9B0;&#x9BE;&#x99C;&#x9CD;&#x99C;&#x9BE;&#x995;, &#x986;&#x9AC;&#x9A6;&#x9C1;&#x9B0;, &#x985;&#x9A8;&#x9C1;&#x9AC;&#x9BE;&#x9A6;&#x995; </subfield>
    <subfield code="9">183453</subfield>
  </datafield>
  <datafield tag="942" ind1=" " ind2=" ">
    <subfield code="2">ddc</subfield>
    <subfield code="c">BK</subfield>
  </datafield>
  <datafield tag="999" ind1=" " ind2=" ">
    <subfield code="c">61568</subfield>
    <subfield code="d">61568</subfield>
  </datafield>
  <datafield tag="952" ind1=" " ind2=" ">
    <subfield code="0">0</subfield>
    <subfield code="1">0</subfield>
    <subfield code="2">ddc</subfield>
    <subfield code="4">0</subfield>
    <subfield code="7">1</subfield>
    <subfield code="8">NFIC</subfield>
    <subfield code="a">RUCL</subfield>
    <subfield code="b">RUCL</subfield>
    <subfield code="c">Reading</subfield>
    <subfield code="d">1959-04-22</subfield>
    <subfield code="e">Asia Foundation</subfield>
    <subfield code="l">0</subfield>
    <subfield code="o">B 371.103 GRS 1952</subfield>
    <subfield code="r">2017-01-19 00:00:00</subfield>
    <subfield code="t">C-1</subfield>
    <subfield code="w">2017-01-19</subfield>
    <subfield code="y">BK</subfield>
  </datafield>
</record>
